Ortodoncie : učebnice pro lékařské fakulty /

Hlavní autor: Adam, Miroslav, 1914-1990
Jazyk: Čeština
Vydáno: Praha : Avicenum, 1976
Vydání: 4. vyd.
Externí odkaz: Digitalizovaný dokument
Fyzický popis: 335 s.
Knihy
Uloženo v:
LEADER 01165nam a22002892a 4500
001 000085915
003 CZ BrMZK
005 20130927090449.0
007 ta
008 010907s1976 xr f cze d
015 |a cnb000134643 
035 |a (OCoLC)14901800 
040 |a BOA001  |b cze 
100 1 |a Adam, Miroslav,  |d 1914-1990  |7 jk01010024  |4 aut 
245 1 0 |a Ortodoncie :  |b učebnice pro lékařské fakulty /  |c Miroslav Adam 
250 |a 4. vyd. 
260 |a Praha :  |b Avicenum,  |c 1976 
300 |a 335 s. 
500 |a Dostupné též v digitální podobě v aplikaci Kramerius 
856 4 1 |u http://www.digitalniknihovna.cz/mzk/uuid/uuid:526a9ca0-3d75-11ed-8fb4-5ef3fc9bb22f  |y Digitalizovaný dokument  |x NDK 
910 |a BOA001  |b 2-0583.979-76 
990 |a BK 
991 |b 201309 
996 7 |b 2619205888  |c 2-0583.979-76  |l HP2  |r DEN  |n 17  |w 000085915  |u 000030  |a 1  |e BOA001  |j MZK50  |s A 
996 6 |b 2619706555  |c 2-0583.979-76  |l HP2  |r DEN  |n 1  |w 000085915  |u 000020  |a 1  |e BOA001  |j MZK50  |s P 
996 7 |b 2619966584  |c 2-0583.979-76  |l HP2  |r DEN  |n 8  |w 000085915  |u 000040  |a 1  |e BOA001  |j MZK50  |s A 
996 6 |b 2619989526  |c 2-0583.979-76  |l MZK  |r STM 6p  |n 0  |h 616.31 ADA  |w 000085915  |u 000010  |a 0  |e BOA001  |j MZK50  |s P